On the tiger's back. (Record no. 1629)
[ view plain ]
| 000 -LEADER | |
|---|---|
| fixed length control field | 00634cam a22002531 4500 |
| 001 - CONTROL NUMBER | |
| control field | 6565876 |
| 003 - CONTROL NUMBER IDENTIFIER | |
| control field | OSt |
| 005 - DATE AND TIME OF LATEST TRANSACTION | |
| control field | 20230620111649.0 |
| 008 - FIXED-LENGTH DATA ELEMENTS--GENERAL INFORMATION | |
| fixed length control field | 741009s1962 xx 000 0 eng |
| 010 ## - LIBRARY OF CONGRESS CONTROL NUMBER | |
| LC control number | 62015705 |
| 035 ## - SYSTEM CONTROL NUMBER | |
| System control number | (OCoLC)1036566 |
| 040 ## - CATALOGING SOURCE | |
| Original cataloging agency | DLC |
| Transcribing agency | MAH |
| Modifying agency | DLC |
| 042 ## - AUTHENTICATION CODE | |
| Authentication code | premarc |
| 050 00 - LIBRARY OF CONGRESS CALL NUMBER | |
| Classification number | HX450.N5 |
| Item number | A7 |
| 082 ## - DEWEY DECIMAL CLASSIFICATION NUMBER | |
| Classification number | 320.5 |
| Item number | AJA |
| 100 1# - MAIN ENTRY--PERSONAL NAME | |
| Personal name | Ajao, Aderogba. |
| 245 10 - TITLE STATEMENT | |
| Title | On the tiger's back. |
| 250 ## - EDITION STATEMENT | |
| Edition statement | [1st ed.] |
| 260 ## - PUBLICATION, DISTRIBUTION, ETC. (IMPRINT) | |
| Place of publication, distribution, etc. | Cleveland, |
| Name of publisher, distributor, etc. | World Pub. Co. |
| Date of publication, distribution, etc. | [1962] |
| 300 ## - PHYSICAL DESCRIPTION | |
| Extent | 149 p. |
| Other physical details | illus. |
| Dimensions | 23 cm. |
| 650 #0 - SUBJECT ADDED ENTRY--TOPICAL TERM | |
| Topical term or geographic name as entry element | Communism. |
| 906 ## - LOCAL DATA ELEMENT F, LDF (RLIN) | |
| a | 7 |
| b | cbc |
| c | oclcrpl |
| d | u |
| e | ncip |
| f | 19 |
| g | y-gencatlg |
| 942 ## - ADDED ENTRY ELEMENTS (KOHA) | |
| Source of classification or shelving scheme | Dewey Decimal Classification |
| Koha item type | Books |
| Withdrawn status | Lost status | Source of classification or shelving scheme | Damaged status | Not for loan | Home library | Current library | Date acquired | Total Checkouts | Full call number | Barcode | Date last seen | Price effective from | Koha item type |
|---|---|---|---|---|---|---|---|---|---|---|---|---|---|
| Dewey Decimal Classification | County Hall Archives | County Hall Archives | 06/20/2023 | 320.5 AJA | 10000760 | 06/20/2023 | 06/20/2023 | Books |
